200 Kilometer Umfeld - Deutsche Städte - Statistiken

Allgemein
  • Dieses Quiz wurde 68 mal gespielt
  • Das Durchschnittsergebnis liegt bei 44 aus 72
Antwortstatistiken
Frage Kachel Select % Korrekt
Städte, die weniger als 200km von BREMEN entfernt liegen Halle (Saale) Nein
98%
Städte, die weniger als 200km von BREMEN entfernt liegen Berlin Nein
92%
Städte, die weniger als 200km von BREMEN entfernt liegen Essen Nein
88%
Städte, die weniger als 200km von NÜRNBERG entfernt liegen Linz Nein
86%
Städte, die weniger als 200km von KIEL entfernt liegen Magdeburg Nein
83%
Städte, die weniger als 200km von KIEL entfernt liegen Münster Nein
83%
Städte, die weniger als 200km von NÜRNBERG entfernt liegen Regensburg Ja
83%
Städte, die weniger als 200km von BREMEN entfernt liegen Rostock Nein
83%
Städte, die weniger als 200km von SAARBRÜCKEN entfernt liegen Augsburg Nein
81%
Städte, die weniger als 200km von STUTTGART entfernt liegen Innsbruck Nein
81%
Städte, die weniger als 200km von DÜSSELDORF entfernt liegen Bielefeld Ja
80%
Städte, die weniger als 200km von LEIPZIG entfernt liegen Dresden Ja
80%
Städte, die weniger als 200km von LEIPZIG entfernt liegen Paderborn Nein
80%
Städte, die weniger als 200km von NÜRNBERG entfernt liegen Würzburg Ja
80%
Städte, die weniger als 200km von DÜSSELDORF entfernt liegen Paris Nein
78%
Städte, die weniger als 200km von STUTTGART entfernt liegen Erfurt Nein
77%
Städte, die weniger als 200km von BREMEN entfernt liegen Lübeck Ja
77%
Städte, die weniger als 200km von STUTTGART entfernt liegen Bonn Nein
75%
Städte, die weniger als 200km von MAGDEBURG entfernt liegen Siegen Nein
75%
Städte, die weniger als 200km von SAARBRÜCKEN entfernt liegen Zürich Nein
75%
Städte, die weniger als 200km von LEIPZIG entfernt liegen Hannover Nein
73%
Städte, die weniger als 200km von STUTTGART entfernt liegen Kassel Nein
73%
Städte, die weniger als 200km von DÜSSELDORF entfernt liegen Mannheim Nein
73%
Städte, die weniger als 200km von NÜRNBERG entfernt liegen Prag Nein
73%
Städte, die weniger als 200km von DÜSSELDORF entfernt liegen Saabrücken Nein
73%
Städte, die weniger als 200km von SAARBRÜCKEN entfernt liegen Straßburg Ja
73%
Städte, die weniger als 200km von NÜRNBERG entfernt liegen Dresden Nein
72%
Städte, die weniger als 200km von LEIPZIG entfernt liegen Erfurt Ja
72%
Städte, die weniger als 200km von MAGDEBURG entfernt liegen Nürnberg Nein
70%
Städte, die weniger als 200km von BREMEN entfernt liegen Braunschweig Ja
69%
Städte, die weniger als 200km von LEIPZIG entfernt liegen Nürnberg Nein
69%
Städte, die weniger als 200km von KIEL entfernt liegen Hannover Nein
67%
Städte, die weniger als 200km von KIEL entfernt liegen Bremerhaven Ja
66%
Städte, die weniger als 200km von BREMEN entfernt liegen Kiel Ja
66%
Städte, die weniger als 200km von BREMEN entfernt liegen Münster Ja
66%
Städte, die weniger als 200km von LEIPZIG entfernt liegen Cottbus Ja
64%
Städte, die weniger als 200km von MAGDEBURG entfernt liegen Jena Ja
64%
Städte, die weniger als 200km von STUTTGART entfernt liegen Luxemburg Nein
64%
Städte, die weniger als 200km von MAGDEBURG entfernt liegen Osnabrück Nein
64%
Städte, die weniger als 200km von SAARBRÜCKEN entfernt liegen Düsseldorf Nein
63%
Städte, die weniger als 200km von BREMEN entfernt liegen Groningen Ja
63%
Städte, die weniger als 200km von STUTTGART entfernt liegen Augsburg Ja
59%
Städte, die weniger als 200km von DÜSSELDORF entfernt liegen Hannover Nein
59%
Städte, die weniger als 200km von LEIPZIG entfernt liegen Potsdam Ja
58%
Städte, die weniger als 200km von MAGDEBURG entfernt liegen Berlin Ja
56%
Städte, die weniger als 200km von MAGDEBURG entfernt liegen Hannover Ja
56%
Städte, die weniger als 200km von STUTTGART entfernt liegen Kaiserslautern Ja
56%
Städte, die weniger als 200km von KIEL entfernt liegen Malmö Nein
56%
Städte, die weniger als 200km von SAARBRÜCKEN entfernt liegen Frankfurt am Main Ja
55%
Städte, die weniger als 200km von SAARBRÜCKEN entfernt liegen Paris Nein
55%
Städte, die weniger als 200km von KIEL entfernt liegen Odense Ja
52%
Städte, die weniger als 200km von KIEL entfernt liegen Stralsund Ja
52%
Städte, die weniger als 200km von DÜSSELDORF entfernt liegen Amsterdam Ja
50%
Städte, die weniger als 200km von NÜRNBERG entfernt liegen München Ja
50%
Städte, die weniger als 200km von SAARBRÜCKEN entfernt liegen Bonn Ja
48%
Städte, die weniger als 200km von DÜSSELDORF entfernt liegen Brüssel Ja
47%
Städte, die weniger als 200km von MAGDEBURG entfernt liegen Chemnitz Ja
47%
Städte, die weniger als 200km von MAGDEBURG entfernt liegen Görlitz Nein
47%
Städte, die weniger als 200km von DÜSSELDORF entfernt liegen Luxemburg Ja
47%
Städte, die weniger als 200km von NÜRNBERG entfernt liegen Erfurt Ja
45%
Städte, die weniger als 200km von KIEL entfernt liegen OIdenburg Ja
41%
Städte, die weniger als 200km von STUTTGART entfernt liegen Zürich Ja
41%
Städte, die weniger als 200km von NÜRNBERG entfernt liegen Ulm Ja
39%
Städte, die weniger als 200km von MAGDEBURG entfernt liegen Kassel Ja
38%
Städte, die weniger als 200km von SAARBRÜCKEN entfernt liegen Brüssel Nein
36%
Städte, die weniger als 200km von DÜSSELDORF entfernt liegen Frankfurt am Main Ja
36%
Städte, die weniger als 200km von LEIPZIG entfernt liegen Bayreuth Ja
34%
Städte, die weniger als 200km von NÜRNBERG entfernt liegen Heilbronn Ja
34%
Städte, die weniger als 200km von STUTTGART entfernt liegen Nürnberg Ja
30%
Städte, die weniger als 200km von KIEL entfernt liegen Kopenhagen Nein
22%
Städte, die weniger als 200km von SAARBRÜCKEN entfernt liegen Basel Ja
20%
Städte, die weniger als 200km von LEIPZIG entfernt liegen Wolfsburg Ja
13%
Keine übereinstimmenden Quizze gefunden
Verteilung der Resultate
Anzahl Personen mit jedem Resultat
Perzentil nach korrekt beantworteten Fragen
Ihre Resultats-Entwicklung
Sie haben dieses Quiz noch nicht gespielt